00788 2200265 4500001002100000005001700021008004100038035002400079082001100103090001800114100001900132245008700151250001100238260004100249300003000290500007000320500002700390650002000417700002200437850001500459980001500474985000600489986001200495999001500507YOGYA-0209000000396220090227020654.0 ind  0010-020900000003962 a612.38 a612.38bWee M aWEEMS, David B aMerancang & menguji sistem speakercDavid B. Weems ; alih bahasa, Ignatius Hartono aCet. 3 aJakartabElex Media Komputindoc1991 avii, 178 hlmbilusc20 cm aJudul asli : Designing building & testing your own speaker system aBibliografi : hlm. 178 aAudio - Speaker aHartono, Ignatius aYOPDYOG(B) a04-03-2006 a1 aMrrtrev a93P0403335